00364 a2200121 4500020001800000050002000018100003100038245007000069264004900139300001400188500001900202650002100221 a9780521423700 aHQ 811 PHI 1991 aPhillips, Roderickeauthor aUntying the knot:ba short history of divorce/cRoderick Phillips aNew York:bCambridge University Press;c1991 axvi,261p. aIncludes index aDivorce- History